00269nam a2200097Ia 4500008004100000100001800041245004300059245001900102260000900121856004100130160531s9999 xx 000 0 und d aKouba, Omran. aBernoulli Polynomials and Applications cby Omran Kouba c2013 uhttp://arxiv.org/pdf/1309.7560v2.pdf